000 00333nam a22001451a 4500
082 _aH3
_bABD/Z
100 _aAbdul Bismillah
245 _aZaharbad/
_cby Abdul Bismillah
260 _aNew Delhi:
_bRajkamal,
_c1987.
300 _a118p.
650 _aNovel Hindi
650 _aLiterature Hindi
650 _aLiterature
942 _cBK
999 _c51890
_d51890